Classement du Ballon d'or 2021 - Statistiques

Statistiques générales
  • Ce quiz a été pris 291 fois
  • Le résultat moyen est 23 sur 30
Statistiques - réponses
Classment Joueur Club du joueur Nationalité % Correct
9 Kylian Mbappé Paris Saint-Germain France
100%
1 Lionel Messi Paris Saint-Germain Argentine
100%
7 Mohamed Salah Liverpool Egypte
98%
2 Robert Lewandowski Bayern Munich Pologne
98%
6 Cristiano Ronaldo Manchester United Portugal
96%
11 Erling Haaland Borussia Dortmund Norvège
96%
4 Karim Benzema Real Madrid France
96%
8 Kevin De Bruyne Manchester City Belgique
96%
5 N'Golo Kanté Chelsea France
93%
16 Neymar Jr Paris Saint-Germain Brésil
91%
3 Jorginho Chelsea Italie
88%
12 Romelu Lukaku Inter Milan Belgique
86%
29 Luka Modric Real Madrid Croatie
85%
23 Harry Kane Tottenham Angleterre
84%
20 Riyad Mahrez Manchester City Algérie
81%
21 Bruno Fernandes Manchester United Portugal
78%
25 Phil Foden Manchester City Angleterre
77%
22 Lautaro Martinez Inter Milan Argentine
76%
17 Luis Suarez Atlético Madrid Uruguay
76%
10 Gianluigi Donnarumma Paris Saint-Germain Italie
73%
27 Ruben Dias Manchester City Portugal
66%
14 Leonardo Bonucci Juventus Italie
64%
24 Pedri FC Barcelone Espagne
63%
13 Georgio Chiellini Juventus Italie
58%
26 Nicolo Barella Inter Milan Italie
56%
15 Raheem Sterling Manchester City Angleterre
55%
18 Simon Kjaer AC Milan Danemark
54%
30 César Azpilicueta Chelsea Espagne
42%
19 Mason Mount Chelsea Angleterre
37%
28 Gerard Moreno Villareal Espagne
33%
Aucun quiz correspondant
Distribution des résultats
% des personnes avec chaque résultat
Percentile par nombre de réponses
Votre historique - résultats
Vous n’avez pas pris ce quiz